Total Drama Pakithew Island Elimination Order - Statistics

General Stats
  • This quiz has been taken 80 times
  • The average score is 13 of 14
Answer Stats
Answer % Correct
Beardo
100%
Amy
98%
Ella
97%
Leonard
97%
Shawn
95%
Sky
95%
Sugar
95%
Samey
93%
Dave
92%
Jasmine
92%
Rodney
92%
Max
90%
Scarlet
90%
Topher
87%
No matching quizzes found
Score Distribution
Percent of People with Each Score
Percentile by Number Answered
Your Score History
You have not taken this quiz